[Event "Niedersachsen-ch op-C"]
[Site "Verden"]
[Date "2013.01.06"]
[Round "7"]
[White "Rabe, Fabian"]
[Black "Reichelt, Ole"]
[Result "1/2-1/2"]
[WhiteElo "1534"]
[BlackElo "1259"]
[PlyCount "40"]
[EventDate "2013.01.03"]
[EventType "swiss"]
[EventRounds "7"]
[EventCountry "GER"]
[SourceTitle "EXT 2021"]
[Source "ChessBase"]
[SourceDate "2020.10.23"]
[SourceVersion "1"]
[SourceVersionDate "2020.10.23"]
[SourceQuality "1"]

1. Nc3 Nf6 2. e4 Nc6 3. f4 d6 4. Bc4 Bg4 5. Nf3 Nd4 6. h3 Nxf3+ 7. gxf3 Bd7 8. d3 g6 9. Bd2 Bg7 10. Qe2 e5 11. fxe5 dxe5 12. 0-0-0 0-0 13. Rdg1 c6 14. h4 a5 15. a4 Rb8 16. h5 b5 17. Bb3 Nxh5 18. Rxh5 gxh5 19. Bh6 Bg4 20. Bxg7 Qb6 1/2-1/2

[Event "Niedersachsen-ch op-C"]
[Site "Verden"]
[Date "2013.01.05"]
[Round "6"]
[White "Hilmes, Benedikt"]
[Black "Rabe, Fabian"]
[Result "1-0"]
[WhiteElo "1614"]
[BlackElo "1534"]
[PlyCount "25"]
[EventDate "2013.01.03"]
[EventType "swiss"]
[EventRounds "7"]
[EventCountry "GER"]
[SourceTitle "EXT 2021"]
[Source "ChessBase"]
[SourceDate "2020.10.23"]
[SourceVersion "1"]
[SourceVersionDate "2020.10.23"]
[SourceQuality "1"]

1. e4 e6 2. d4 d5 3. Nc3 Nf6 4. Bg5 Be7 5. e5 Nfd7 6. h4 c5 7. Nb5 0-0 8. Bxe7 Qxe7 9. Nc7 cxd4 10. Qxd4 Nc6 11. Qd2 Ndxe5 12. Nxa8 b6 13. Nxb6 1-0

[Event "Niedersachsen-ch op-C"]
[Site "Verden"]
[Date "2013.01.03"]
[Round "1"]
[White "Rabe, Fabian"]
[Black "Heckl, Philipp"]
[Result "1-0"]
[WhiteElo "1534"]
[BlackElo "1614"]
[PlyCount "21"]
[EventDate "2013.01.03"]
[EventType "swiss"]
[EventRounds "7"]
[EventCountry "GER"]
[SourceTitle "EXT 2021"]
[Source "ChessBase"]
[SourceDate "2020.10.23"]
[SourceVersion "1"]
[SourceVersionDate "2020.10.23"]
[SourceQuality "1"]

1. Nc3 d5 2. e4 dxe4 3. Nxe4 Nf6 4. Ng3 e5 5. Bc4 Bc5 6. d3 0-0 7. Bg5 Bxf2+ 8. Kxf2 Ng4+ 9. Qxg4 Bxg4 10. Bxd8 Rxd8 11. Nf3 1-0

[Event "Niedersachsen-ch op-B"]
[Site "Verden"]
[Date "2012.01.05"]
[Round "7"]
[White "Rabe, Fabian"]
[Black "Kiesel, Lucas"]
[Result "1-0"]
[WhiteElo "1384"]
[BlackElo "1074"]
[PlyCount "77"]
[EventDate "2012.01.02"]
[EventType "swiss"]
[EventRounds "7"]
[EventCountry "GER"]
[SourceTitle "EXT 2021"]
[Source "ChessBase"]
[SourceDate "2020.10.23"]
[SourceVersion "1"]
[SourceVersionDate "2020.10.23"]
[SourceQuality "1"]

1. e4 d6 2. Nc3 Nf6 3. f4 g6 4. Bc4 Bg7 5. Nf3 0-0 6. 0-0 Nbd7 7. e5 dxe5 8. fxe5 Ng4 9. d4 c5 10. e6 Nb6 11. exf7+ Kh8 12. Be2 Rxf7 13. dxc5 Nd7 14. Ne4 Qc7 15. Neg5 Rf6 16. h3 Nge5 17. Nxe5 Nxe5 18. Be3 Nd7 19. Rxf6 Nxf6 20. Nf7+ Kg8 21. Bc4 b5 22. Bb3 e6 23. Qd8+ Qxd8 24. Nxd8 Bd7 25. Nxe6 Bxe6 26. Bxe6+ Kf8 27. Bd4 Re8 28. Bb3 a5 29. a3 a4 30. Ba2 Re2 31. Rc1 Bh6 32. Rf1 Bg5 33. Bxf6 Bxf6 34. Rxf6+ Kg7 35. Rf2 Re5 36. c6 Rc5 37. Rf7+ Kh6 38. c7 Rxc2 39. Be6 1-0

[Event "Niedersachsen-ch op-B"]
[Site "Verden"]
[Date "2012.01.04"]
[Round "6"]
[White "Koch, Yannick"]
[Black "Rabe, Fabian"]
[Result "1-0"]
[WhiteElo "1645"]
[BlackElo "1384"]
[PlyCount "97"]
[EventDate "2012.01.02"]
[EventType "swiss"]
[EventRounds "7"]
[EventCountry "GER"]
[SourceTitle "EXT 2021"]
[Source "ChessBase"]
[SourceDate "2020.10.23"]
[SourceVersion "1"]
[SourceVersionDate "2020.10.23"]
[SourceQuality "1"]

1. d4 Nf6 2. c4 g6 3. Nc3 Bg7 4. e4 d6 5. Nf3 Bg4 6. Be2 0-0 7. 0-0 c5 8. Be3 cxd4 9. Nxd4 Bxe2 10. Qxe2 Qc8 11. Nd5 Nxd5 12. cxd5 Nd7 13. Rac1 Qd8 14. b4 Nf6 15. f3 a6 16. Rc2 Qd7 17. Rfc1 Rfc8 18. b5 Rxc2 19. Rxc2 axb5 20. Nxb5 Ne8 21. Qc4 f5 22. Nd4 Ra4 23. Qd3 fxe4 24. fxe4 Nf6 25. Ne6 Rxe4 26. Rc7 Qe8 27. Qc2 Rxe3 28. Rc8 Re5 29. Rxe8+ Nxe8 30. Qc8 Kf7 31. Nxg7 Nxg7 32. Qxb7 Re2 33. a4 Ra2 34. Qb3 Ra1+ 35. Kf2 Nf5 36. Qf3 Ke8 37. Qb3 Nd4 38. Qb8+ Kf7 39. Qb4 Ra2+ 40. Kg3 Nf5+ 41. Kh3 Re2 42. a5 Ne3 43. Qf4+ Ke8 44. Qa4+ Kf7 45. Qf4+ Ke8 46. Qa4+ Kf7 47. a6 Nxd5 48. a7 Nb6 49. Qb3+ 1-0

[Event "Niedersachsen-ch op-B"]
[Site "Verden"]
[Date "2012.01.04"]
[Round "5"]
[White "Rabe, Fabian"]
[Black "Schroeder, Mariusz"]
[Result "1-0"]
[WhiteElo "1384"]
[BlackElo "1091"]
[PlyCount "45"]
[EventDate "2012.01.02"]
[EventType "swiss"]
[EventRounds "7"]
[EventCountry "GER"]
[SourceTitle "EXT 2021"]
[Source "ChessBase"]
[SourceDate "2020.10.23"]
[SourceVersion "1"]
[SourceVersionDate "2020.10.23"]
[SourceQuality "1"]

1. Nc3 d5 2. e4 dxe4 3. Nxe4 Bf5 4. Ng3 Bg6 5. Nf3 Nf6 6. Bc4 e6 7. d3 Nbd7 8. Bg5 Be7 9. 0-0 0-0 10. d4 Nd5 11. Bxe7 Nxe7 12. Qe2 Nf5 13. Rad1 c6 14. Ne5 Nxe5 15. dxe5 Nxg3 16. fxg3 Qb6+ 17. Rf2 Qxb2 18. Rdf1 Rfd8 19. h4 h6 20. h5 Bh7 21. Rxf7 Rf8 22. Rxf8+ Rxf8 23. Bxe6+ 1-0

[Event "Niedersachsen-ch op-B"]
[Site "Verden"]
[Date "2012.01.03"]
[Round "4"]
[White "Dannenberg, Nicole"]
[Black "Rabe, Fabian"]
[Result "1/2-1/2"]
[WhiteElo "1082"]
[BlackElo "1384"]
[PlyCount "54"]
[EventDate "2012.01.02"]
[EventType "swiss"]
[EventRounds "7"]
[EventCountry "GER"]
[SourceTitle "EXT 2021"]
[Source "ChessBase"]
[SourceDate "2020.10.23"]
[SourceVersion "1"]
[SourceVersionDate "2020.10.23"]
[SourceQuality "1"]

1. c4 e6 2. Nc3 d5 3. e3 f5 4. d4 c6 5. Nf3 Bd6 6. Bd2 Nf6 7. cxd5 exd5 8. Bd3 Ne4 9. 0-0 0-0 10. Ne2 Nd7 11. Rc1 Qe8 12. a3 Nxd2 13. Qxd2 Nf6 14. b4 Ne4 15. Qa2 Qh5 16. h3 g5 17. Ne5 Bxe5 18. dxe5 Bd7 19. f3 g4 20. Nf4 Qh6 21. fxe4 gxh3 22. gxh3 fxe4 23. Bxe4 Kh8 24. Bg2 Rg8 25. Kf2 Rxg2+ 26. Nxg2 Bxh3 27. Rh1 Rg8 1/2-1/2